000 00920cac a2200277 a 4500
003 Co-PeBPM
005 20250901144448.0
008 231129e1987||||ck ad|||||||||||| ||spa||
020 _a8476346921
040 0 _aCo-PeBPM
_bspa
_cCo-PeBPM
_erda
041 _aspa
082 0 4 _a523.12 M923u
_222
100 1 _aMotz, Lloyd
_eautor
245 1 0 _aEl universo (Su principio y su fin)
_c/ Lloyd Motz, traducción de Josep Anton Planell y José Rodellar
260 _aBarcelona, España
_b: Orbis
_c, 1987
300 _a293 páginas
_b: Ilustraciones a blanco y negro
_c; 20 centímetros
500 _aIncluye índice.
504 _aIncluye bibliografía.
650 1 4 _aUniverso
_2LEMB
650 1 4 _aVida
_2LEMB
650 1 4 _aPlanetas
_2LEMB
650 1 4 _aGalaxias
_2LEMB
700 _aAnton Planell, Josep, Rodellar, José
_eTraducción
942 _2ddc
_cBK
999 _c12626
_d12626